|
|
|
|
| LEADER |
00000nab#a22000007a#4500 |
| 001 |
arbauad033312 |
| 003 |
AR-BaUAD |
| 005 |
20250711112654.0 |
| 008 |
981005|||||||||###||||||b###|0###a|spa|| |
| 040 |
|
|
|a AR-BaUAD
|c AR-BaUAD
|b spa
|
| 100 |
|
|
|a Schrubbe, Emily
|
| 245 |
|
|
|a A new look for an ancent book :
|b Redisigning the Bible /
|c Emily Schrubbe;
|
| 300 |
0 |
|
|b fot.
|
| 653 |
|
|
|a DISEÑO GRAFICO
|
| 653 |
|
|
|a RELIGION
|
| 653 |
|
|
|a DISEÑO EDITORIAL
|
| 653 |
|
|
|a LIBROS
|
| 653 |
|
|
|a TAPAS DE LIBROS
|
| 653 |
|
|
|a PUESTA EN PAGINA
|
| 653 |
|
|
|a TIPOGRAFIA
|
| 773 |
0 |
|
|t STEP BY STEP
|g vol.14, no. 5 [set.-oct. 1998], p. 70-75
|
| 942 |
|
|
|c ARTI
|
| 952 |
|
|
|0 0
|1 0
|4 0
|7 0
|9 78231
|a AR-BAuAD
|b AR-BAuAD
|d 2025-07-11
|l 0
|p AAQA033312
|r 2025-07-11 11:26:54
|w 2025-07-11
|y ARTI
|
| 990 |
|
|
|a DG199
|b TD
|
| 998 |
|
|
|a AAQ
|b BIBUN76
|
| 999 |
|
|
|c 57904
|d 57904
|